000 00468nam a22001817a 4500
003 CEME
005 20210628203357.0
008 210305b xxu||||| |||| 00| 0 eng d
020 _a0-14-062119-9
040 _c.
082 _a808.83 ALC
100 _aAlcott, Louisa May
_911585
245 _aLittle women
260 _aNEW YORK
_bPENGUIN BOOKS
_c1994
300 _a217P
650 _aENGLISH LITERATURE-FICTION.PENGUINE POPULAR CLASSIC
_964803
942 _cBK
_2ddc
999 _c573387
_d573387